| 000 | 00427nam a2200145Ia 4500 | ||
|---|---|---|---|
| 008 | 220216s9999 xx 000 0 und d | ||
| 100 | _aBauer R F | ||
| 245 | 0 | _aMethod to resolve the properties of individual phases in carbon black loaded elastomer blends | |
| 260 |
_bProc.Conf. ACS., Las Vegas _c1990 |
||
| 500 | _aSource Year: 1992 | ||
| 650 | _aCarbon black | ||
| 700 | _aCrossland A H | ||
| 856 | _uIRRDB | ||
| 942 | _cJS | ||
| 999 |
_c62863 _d62863 |
||